Ulice w Gdańsku zaczynające się na U - Statystyki

Ogólne statystyki
  • Ten quiz został rozwiązany 9 razy
  • Średni wynik to 6 z 16
Statystyki odpowiedzi
Odpowiedź % Poprawnych
Uczniowska
60%
Ujeścisko
60%
Ukośna
60%
Unruga
60%
Ugory
40%
Ukryta
40%
Uphagena
40%
Urana
40%
Uranowa
40%
Urwista
40%
Ubocze
20%
U Furty
20%
Ułańska
20%
Urocza
20%
Ustronie
20%
Uzdrowiskowa
20%
Nie znaleziono quizów pasujących do podanych kryteriów
Rozkład punktacji
Procent ludzi z każdym wynikiem
Percentyl według liczby udzielonych odpowiedzi
Twoja historia wyników
Nie rozwiązałeś tego quizu